| 000 | 00512nam a2200121Ia 4500 | ||
|---|---|---|---|
| 008 | 220615s9999||||xx |||||||||||||| ||und|| | ||
| 100 | _aFurcic, Nina||Pikelj, Kristina | ||
| 245 | 0 | _aChapter Impact of cliff erosion on marine sediment composition - indication of local coastline evolution (Vrgada Island, Croatia) | |
| 546 | _aEnglish[eng] | ||
| 650 | _aCoastal cliff||Surface sediment||Coastal erosion||Vrgada Island | ||
| 856 | _uhttps://library.oapen.org/bitstream/20.500.12657/56090/1/14809.pdf | ||
| 942 | _cEB | ||
| 999 |
_c12665 _d12665 |
||